000 00291nam a22000977a 4500
999 _c11160
_d11160
008 180927b ||||| |||| 00| 0 eng d
020 _a9789351550259
100 _aBhatnagar A. K
_96922
245 _aPsychology XII
_bwith case studies & practicals
260 _aNew Delhi
_bFull Marks. Pvt Ltd
_c2018